Descent of Elizabeth II from William I Quiz Stats

 Plays Quiz not verified by Sporcle

Score 0/32 Timer 10:00
2 Plays Today
Generation Heir % Correct
1William I of England
92.3%
16Elizabeth of York
91.6%
21Elizabeth of Bohemia
91.6%
27Edward, Duke of Kent and Strathearn
90%
2Henry I of England
86.8%
4Henry II of England
85.2%
30George V of the United Kingdom
84.8%
23George I of Great Britain
84.5%
24George II of Great Britain
84.1%
26George III of Great Britain
83.5%
31George VI of the United Kingdom
82.5%
6Henry III of England
81.7%
28Queen Victoria
80.8%
19Mary, Queen of Scots
79.9%
14Richard Plantagenet, 3rd Duke of York
78.4%
7Edward I of England
78.3%
Generation Heir % Correct
29Edward VII of the United Kingdom
78%
8Edward II of England
77.6%
32Elizabeth II
77.5%
20James I & VI of England and Scotland
76.8%
9Edward III of England
76.5%
15Edward IV of England
73.4%
5John of England
69.5%
13Anne de Mortimer
56%
3Empress Matilda
46.4%
18James V of Scotland
41.6%
17Margaret Tudor
37.9%
25Frederick, Prince of Wales
30.5%
22Sophia of Hanover
28%
12Roger de Mortimer, 4th Earl of March
20.8%
10Lionel of Antwerp, 1st Duke of Clarence
18.9%
11Philippa Plantagenet, 5th Countess of Ulster
14.7%

You're not logged in!

Compare scores with friends on all Sporcle quizzes.
Join for Free
OR
Log In

You Might Also Like...

Show Comments

Extras

Top Quizzes Today


Score Distribution

Your Account Isn't Verified!

In order to create a playlist on Sporcle, you need to verify the email address you used during registration. Go to your Sporcle Settings to finish the process.

Report this User

Report this user for behavior that violates our Community Guidelines.

Details: